Η κυκλοφορία του αίματος

Αποθηκεύτηκε σε:
Λεπτομέρειες βιβλιογραφικής εγγραφής
Άλλοι συγγραφείς: Marcel, Socias (Εικονογράφος)
Μορφή: Βιβλίο
Γλώσσα:Greek
Spanish
Δημοσίευση: Αθήνα : Πατάκης, 1993.
Σειρά:Ο αόρατος κόσμος (Πατάκης)
Θέματα:
Ετικέτες: Προσθήκη ετικέτας
Δεν υπάρχουν, Καταχωρήστε ετικέτα πρώτοι!

MARC

LEADER 00000cam a2200000 i 4500
001 1/11048
008 000908s1993 gr | ||| |||| ||gre||
020 |a 9602939974 
035 |l 10063683 
040 |a GR-MyUA  |b gre  |e AACR2 
041 1 |a gre  |h spa 
082 0 |a 573.1 
245 1 2 |a Η κυκλοφορία του αίματος /   |c [εικονογράφηση Mancel Socias].  
260 |a Αθήνα :   |b Πατάκης,   |c 1993.  
300 |a 32 σ. ;   |c 28 εκ.  
490 1 |a (Ο αόρατος κόσμος / Πατάκης)  
500 |a Τίτλος πρωτοτύπου: Como circula nuestra sangre.  
650 0 0 |a Cardiovascular system  |x Juvenile literature. 
700 1 |a Marcel, Socias,  |e ill 
830 0 |a Ο αόρατος κόσμος (Πατάκης) 
852 |a INST  |b RHODES  |e 20000908  |h 573.1 ΚΥΚ  |p 005400013420  |q 005400013420  |t BK  |y 0 
901 |a BIBL4-2000-2 
909 |a Ρ  |b 078568 
922 |a 4ΕΛΗ  |b 200004  |c ΔΩΡΕΑ 
970 |z 2000/09/ΧΡΥΣΑΝΘΗ